Ecotoxicología acuática / (Registro nro. 7293)
[ vista simple ]
| 000 -CABECERA | |
|---|---|
| Campo de control | 00663nam a2200217 i 4500 |
| 005 - FECHA Y HORA DE LA ULTIMA TRANSACCION | |
| Campo de control | 20160210201138.0 |
| 008 - ELEMENTOS DE LONGITUD FIJA—INFORMACION GENERAL | |
| Campo de control | 160210s2007 ck fr||| |||| 00spa dpa d |
| 020 ## - ISBN | |
| ISBN | 9789584428912 |
| 040 ## - FUENTE DE CATALOGACIÓN | |
| Agencia catalogadora original | CO-BoIAVH |
| Agencia transcriptora | CO-BoIAVH |
| 041 ## - IDIOMA | |
| Código de idioma para texto/pista de sonido o título separado | Español |
| 082 04 - NUMERO DE CLASIFICACION DECIMAL DEWEY | |
| Número de clasificación | 571.95 |
| Número del ítem | P15e |
| 100 1# - ASIENTO PRINCIPAL--NOMBRE PERSONAL | |
| Nombre personal | Palacio Baena, Jaime Alberto |
| 9 (RLIN) | 48494 |
| 245 ## - MENCION DE TITULO | |
| Título | Ecotoxicología acuática / |
| Mención de responsabilidad | Jaime Alberto Palacio Baena. |
| 260 ## - PUBLICACION, DISTRIBUCION, ETC. (PIE DE IMPRENTA) | |
| Lugar de publicación, distribución, etc. | Antioquia : |
| Nombre del editor, distribuidor, etc. | Universidad de Antioquia, |
| Fecha de publicación, distribución, etc. | 2007. |
| 300 ## - DESCRIPCION FISICA | |
| Extensión | 437 páginas |
| 650 14 - ASIENTO SECUNDARIO DE MATERIA - TERMINO TEMATICO | |
| Término temático o nombre geográfico como elemento de entrada | Toxicología ambiental |
| 9 (RLIN) | 58844 |
| 650 24 - ASIENTO SECUNDARIO DE MATERIA - TERMINO TEMATICO | |
| Término temático o nombre geográfico como elemento de entrada | Cinética química |
| 9 (RLIN) | 58845 |
| 650 24 - ASIENTO SECUNDARIO DE MATERIA - TERMINO TEMATICO | |
| Término temático o nombre geográfico como elemento de entrada | Ecología de agua dulce |
| 9 (RLIN) | 58846 |
| 942 ## - ELEMENTOS ADICIONALES (KOHA) | |
| Tipo de ítem | Libro |
| Sistema de clasificación | Dewey Decimal Classification |
| 945 ## - PROCESAMIENTO LOCAL | |
| AAAA-MM-DD - Fecha de ingreso o modificacion | 2010-09-09 |
| Withdrawn status | Lost status | Sistema de Clasificación | Damaged status | No para préstamo | Colección | Inventariado | Ubicación Permanente | Ubicación actual | Fecha de adquisición | Fuente de Valor | Valor | Total Checkouts | Número topográfico | Inventario / Código de Barras | Date last seen | Ejemplar | Price effective from | Forma de adquisición | Tipo de material |
|---|---|---|---|---|---|---|---|---|---|---|---|---|---|---|---|---|---|---|---|
| Dewey Decimal Classification | General | Inventariado 2017 | Bogotá | Bogotá | 09/09/2010 | Instituto | 39000.00 | LB-571.95 P15e | 028271 | 04/12/2012 | Ej. 1 | 04/12/2012 | Libro |